Cassoulet mort subite (ingrédients) - Statistiques

Statistiques générales
  • Ce quiz a été pris 139 fois
  • Le résultat moyen est 6 sur 9
Answers on the Grid
Answers color-coded by a green-red scale on the quiz's grid according to % correct below.
Lard
Confit d'oie
Couenne
Hypholomes en touffes
Jarret de porc
Cortinaires des lieux humides
Confit de canard
Lactaires à toison
Saucisses
Haricots blancs secs
Gymnopiles pénétrants
Amanites poilues
Psilocybes des excréments
Sclérodermes verruqueux
Clitocybes à bonne odeur
Phallus impudiques
Chancre du châtaignier
Russule bouton de rose
 
Statistiques - réponses
Réponse % Correct
Saucisses
96%
Haricots blancs secs
90%
Lard
85%
Confit de canard
79%
Jarret de porc
77%
Couenne
75%
Confit d'oie
73%
Gymnopiles pénétrants
6%
Sclérodermes verruqueux
6%
Aucun quiz correspondant
Distribution des résultats
% des personnes avec chaque résultat
Percentile par nombre de réponses
Votre historique - résultats
Vous n’avez pas pris ce quiz